000 00689nam a22002057a 4500
999 _c16817
_d16817
003 AR-CdUCM
008 190506b ||||| |||| 00| 0 spa d
040 _aMUNICIPALIDAD PROVINCIAL DEL CUSCO
_cBIBLIOTECA MUNICIPAL DEL CUSCO
082 _a100 /
_bL41
100 _aLehmann, Rodolfo
_936496
245 _aIntroducción a la Filosofía /
260 _aBuenos Aires :
_bLosada,
_c1958.
300 _a208 páginas ;
_c19 cm.
505 _aFundamentos de la lógica --Ojeada sobre la teoría del conocimientos -- Conceptos fundamentales de la ética...
650 _aFilosofía.
_9395
650 _aÉtica.
_91337
650 _aConocimiento.
_95704
942 _2ddc
_cLIBROS
945 _awfj